| 000 | 00733cam a22002531 4500 | ||
|---|---|---|---|
| 999 |
_c20715 _d20715 |
||
| 001 | 6586269 | ||
| 003 | BDDh-ASL | ||
| 005 | 20231015025927.0 | ||
| 008 | 770411s1964 pk 000 0 eng | ||
| 010 | _asa 65003525 | ||
| 035 | _a(OCoLC)2879483 | ||
| 040 |
_aDLC _cNBrockU _dDLC _dBDDh-ASL |
||
| 042 | _apremarc | ||
| 050 | 0 | 0 |
_aBP134.P74 _bH5 |
| 082 |
_a297.12 _bHIP |
||
| 100 | 1 |
_aHingora, Q I _eed. |
|
| 245 | 1 | 4 |
_aThe prophecies of the holy Quran / _cCompiled by Q. I. Hingora. |
| 260 |
_aLahore: _bSh. Muhammad Ashraf _c[1964] |
||
| 300 |
_ax, 169 p. _c22 cm. |
||
| 630 | 0 | 0 |
_aQurʼan _xProphecies |
| 730 | 0 |
_aQurʼan. _kSelections. _lEnglish |
|
| 906 |
_a7 _bcbc _coclcrpl _du _encip _f19 _gy-gencatlg |
||
| 942 |
_2ddc _cBK |
||